Nhượng quyền khởi nghiệp : Con đường ngắn để bước ra thế giới

Cung cấp cho người đọc Việt Nam từ A đến Z về bức tranh nhượng quyền trên toàn thế giới, với các thông tin cập nhật mới nhất, các số liệu có cơ sở vững vàng từ chuyên gia hàng đầu về lĩnh vực nhượng quyền của thế giới, đồng th...

詳細記述

保存先:
書誌詳細
第一著者: Nguyễn, Phi Vân
フォーマット: 図書
言語:Undetermined
出版事項: Thành phố Hồ Chí Minh Trẻ 2015
主題:
タグ: タグ追加
タグなし, このレコードへの初めてのタグを付けませんか!
Thư viện lưu trữ: Trung tâm Học liệu Trường Đại học Cần Thơ
LEADER 01228nam a2200217Ia 4500
001 CTU_220804
008 210402s9999 xx 000 0 und d
020 |c 146000 
082 |a 658.87 
082 |b V121 
100 |a Nguyễn, Phi Vân 
245 0 |a Nhượng quyền khởi nghiệp : 
245 0 |b Con đường ngắn để bước ra thế giới 
245 0 |c Nguyễn Phi Vân 
260 |a Thành phố Hồ Chí Minh 
260 |b Trẻ 
260 |c 2015 
520 |a Cung cấp cho người đọc Việt Nam từ A đến Z về bức tranh nhượng quyền trên toàn thế giới, với các thông tin cập nhật mới nhất, các số liệu có cơ sở vững vàng từ chuyên gia hàng đầu về lĩnh vực nhượng quyền của thế giới, đồng thời có sự hiểu biết sâu sắc về thị trường Việt Nam và tính cách người Việt. 
650 |a Nhượng quyền thương mại (Bán lẻ),Franchises (Retail trade) 
904 |i Ngô Hoàng Anh Khoa,Hải 
980 |a Trung tâm Học liệu Trường Đại học Cần Thơ